Datum a čas kvízu
20
Celkem bodů
Celkový počet nahraných bodů na tomto kvízu bez doplňovacích otázek.
3.
Pořadí na kvízu
Konečné umístění týmu na tomto kvízu.
Zaznamenané odpovědi
| # | Otázka | Odpověď | Body | Výsledky |
|---|---|---|---|---|
| 1. | Vedle kanceláře poslance SPD R... | 1 | ||
| 2. | Jednotvárný zvuk od silnice ob... | 1 | ||
| 3. | Česká televize v loňském roce... | 1 | ||
| 4. | Evropská unie vydala ve středu... | 0 | ||
| 5. | Minulý týden se začala prodáva... | 0 | ||
| 6. | Vzpomeňme v tomto tématu na zř... | 0 | ||
| 7. | Vyberte nepravdivé tvrzení o F... | 1 | ||
| 8. | Ze kterého Formanova filmu je... | 0 | ||
| 9. | Jakou větu pronesl v Přeletu n... | 1 | ||
| 10. | Pěknou vzpomínku na Formana na... | 1 |